000 00913nas a2200265 4500
001 BR8301355
003 BR-BrBNA
005 20231205085458.0
007 ta
008 230509b bl.|||p| |||| 00| 00por d
040 _aBR-BrBNA
_bpor
_cBiblioteca Nacional de Agricultura
041 _a(Pt)
072 _aH20
100 1 _aOliveira, D.P.
100 1 _aBezerra, J.L.
245 1 _aOcorrencia de "marchitez sorpresiva" do dendezeiro no estado da Bahia, Brasil [Elaeis guineensis, protozoario]
246 1 _aOccurrence of "marchitez sorpresiva" of the oil pahn in the state of Bahia, Brazil [Elaeis guineensis, protozoan]
650 _aDENDE
650 _aPROTOZOARIO
650 _aBAHIA
773 0 _tRevista Theobroma (Brazil)
_xISSN 0370-7962
_g(Apr 1982), v. 12(2) p. 107-108
_wBR8301355
856 4 0 _dLink DSPACE/MAPA BR8301355
909 _a202311
_bLúcia
_c55
_dLúcia Elande
942 _2AGRIS
_n0
_cANA
999 _c111695
_d111695